Eurovision Song Contest Last Placers - Statistics

General Stats
  • This quiz has been taken 317 times
    216 since last reset
  • The average score is 90 of 109
Answer Stats
Hint Answer % Correct
| 1964 | 1974 | +3 others Germany
96%
2003 United Kingdom
96%
| 1969 | 1976 | +6 others Norway
94%
2008 | 2010 United Kingdom
94%
| 1983 | 1999 | 2017 Spain
93%
2014 France
90%
| 1977 Sweden
90%
1957 | 1961 | 1962 | +5 others Austria
87%
2007 | 2013 Ireland
87%
| 1967 | 1998 | +5 others Switzerland
87%
2002 Denmark
85%
| 1963 | 1968 | +6 others Finland
85%
2009 Second Semifinal | 2010 First Semifinal | 2013 Second Semifinal | 2017 First Semifinal Latvia
85%
| 2011 Second Semifinal Netherlands
84%
| 1965 | 1973 | +4 others Belgium
82%
Portugal
80%
1966 Italy
79%
1989 | 2001 Iceland
77%
1994 | 2005 Semifinal Lithuania
77%
1971 | 1972 | 2006 Malta
76%
2016 First Semifinal Estonia
74%
1958 | 1960 | 1970 Luxembourg
73%
2011 First Semifinal Poland
71%
2008 First Semifinal | 2017 Second Semifinal San Marino
71%
1986 Cyprus
66%
2008 Second Semifinal Hungary
66%
| 1959 Monaco
66%
2012 Second Semifinal Slovakia
66%
2013 First Semifinal Slovenia
66%
| 1975 | 1987 Turkey
66%
2014 Second Semifinal Georgia
61%
1993 Pre-Qualifyng Round | 1996 Pre-Qualifyng Round Romania
61%
Yugoslavia
61%
2006 Semifinal Andorra
59%
2014 First Semifinal Moldova
58%
2007 Semifinal | 2009 First Semifinal Czech Republic
52%
No matching quizzes found
Score Distribution
Percent of People with Each Score
Percentile by Number Answered
Your Score History
You have not taken this quiz since the last reset